| 000 | 00737nam a22002297a 4500 | ||
|---|---|---|---|
| 003 | OSt | ||
| 005 | 20140310181929.0 | ||
| 008 | 130722t xxu||||| |||| 00| 0 eng d | ||
| 020 | _a0590491148 | ||
| 050 |
_aLB 1139.5 _b.K64 1991 |
||
| 082 |
_aTRE 507 _bK674 1991 |
||
| 100 |
_aSusan Bromberg Kleinsinger. _92584 |
||
| 245 |
_aLearning through play science : _ba practical guide for teaching young children / _cSusan Bromberg Kleinsinger. |
||
| 260 |
_aNew York : _bScholastic Inc, _cc1991. |
||
| 300 |
_a80 p. : _bill. ; _c28 cm. |
||
| 521 | _aTeachers | ||
| 541 | _j1 | ||
| 562 | _e1 | ||
| 650 |
_aScience _xJuvenile literature _92585 |
||
| 650 |
_aScience _xStudy and teaching (elementary) _92586 |
||
| 942 |
_2lcc _cBK-TR _kTR |
||
| 999 |
_c7289 _d7289 |
||